000 03336nam a22002537a 4500
005 20240710152225.0
008 211004b ||||| |||| 00| 0 eng d
040 _cAL
041 _akan
082 _223
_aK894.9
_bCINP
100 _aMarcello Di Cintio
_9715
245 _aBariya nenapalla:Pyalestini bhavuka kathana
_bಬರಿಯ ನೆನಪಲ್ಲ: ಪ್ಯಾಲಸ್ತೀನಿ ಭಾವುಕ ಕಥನ
260 _aBengaluru
_bKathana Prakashana
_c2021
300 _aviii,206p.
_bPB
_c21x14cm.
365 _aBLCR-000057
_b180.00
_c
_d225.00
_e20
_f09/23/2021
520 _aಲೇಖಕ ಆಕರ್ಷ ರಮೇಶ್ ಕಮಲ ಅವರ `ಬರಿಯ ನೆನಪಲ್ಲ!’ ಪ್ಯಾಲಸ್ತೀನಿ ಭಾವುಕ ಕಥನ’ ಎಂಬುದು ಅನುವಾದಿತ ಕೃತಿ. ಕೆನಡಾದ ಮಾರ್ಸೆಲ್ಲೊ ಡಿ ಸಿಂಟಿಯೊ ಎಂಬ ಬರಹಗಾರನ ‘ಪೆ ನೋ ಹೀಡ್ಸ್ ಟು ರಾಕೆಟ್ಸ್: ಪ್ಯಾಲೆಸ್ಟೈನ್ ಇನ್ ಪ್ರೆಸೆಂಟ್ ಟೆನ್ಸ್ ಎಂಬ ಅನುಭವ ಕಥನದ ಕನ್ನಡ ಅನುವಾದವಾಗಿದೆ. ಈ ಕೃತಿ ಸಮಕಾಲೀನ ಪ್ಯಾಲೆಸ್ತೀನ್ ಬದುಕನ್ನು, ಆ ಪ್ರದೇಶದ ಶ್ರೀಮಂತ ಸಾಹಿತ್ಯ, ಸಂಸ್ಕೃತಿಯನ್ನು ಅನಾವರಣಗೊಳಿಸುತ್ತದೆ. ನೆಲವಿಲ್ಲದವರ ಬದುಕಿನ ಬವಣೆಗಳು, ಪ್ರೇಮ-ಗೆಳೆತನ, ಕುಡಿದು ಖಾಲಿಯಾದ ಚಹಾ-ಕಾಫಿಗಳ ಪರಿಮಳ, ಕ್ರಾಂತಿಯ ಕಿಚ್ಚುಗಳು ಈ ಕೃತಿಯಲ್ಲಡಗಿವೆ. ಹಾರಿಹೋದ ಹೂಗಳ ಸುಗಂಧವಿದೆ. ಅಂತೆಯೇ, ಪಥಭ್ರಾಂತರಾಗಿ ಮರೆಯಾದ, ಹುತಾತ್ಮರಾದ ಪ್ರೀತಿಪಾತ್ರರ ಮುಖಗಳಿವೆ. ಘಸ್ಸಾನ್ ಕನಫಾನಿಯಂತಹ ಲೇಖಕರಿದ್ದಾರೆ. ಮಹಮೂದ್ ದರ್ವಿಶ್ ರಂಥ ಕವಿಗಳು ಕೆತ್ತಿದ ಶಾಸನದಂತಹ ಕವಿತೆಗಳಿವೆ. ಈ ಕವಿತೆಗಳು ಕೆಚ್ಚೆದೆಯ ಹೋರಾಟಗಾರರಿಗೆ ಬೆಳಕು-ಭರವಸೆಯನ್ನು, ಮುಂದಣ ಕವಿಗಳಿಗೆ ಕಾವ್ಯದುಸಿರನ್ನು ತುಂಬುತ್ತವೆ. ಈ ಪುಸ್ತಕವು ಗತ - ವರ್ತಮಾನಗಳನ್ನು ಮುಖಾಮುಖಿಯಾಗಿಸುತ್ತ ಭವಿಷ್ಯವನ್ನು ಕನಸುತ್ತದೆ. ಕನ್ನಡದ ಓದುಗರಿಗೆ ಪ್ಯಾಲೆಸ್ತೀನಿನ ಕಾವ್ಯ, ಕಾವು, ಕನಸುಗಳನ್ನು ಪರಿಚಯಿಸುತ್ತದೆ ಎಂಬುದಾಗಿ ಲೇಖಕರು ಅಭಿಪ್ರಾಯಪಟ್ಟಿದ್ದಾರೆ.
650 _aPay No Heed to the Rockets: Palestine in the Present Tense
_9728
650 _aWar
_9173048
650 _aMemoir
_9173049
700 _aCINTIO (Marcello Di)
_9717
_d ಮಾರ್ಸೆಲ್ಲೊ ಡಿ ಸಿಂಟಿಯೊ
700 _aKAMALA (Akarsha Ramesh)
_9718
700 _a ಕಮಲ, ಆಕರ್ಷ ರಮೇಶ್ Tr
_9812
942 _2ddc
_cBK
999 _c216479
_d216479